000 00352pab a2200145 454500
008 180718b1989 xxu||||| |||| 00| 0 eng d
100 _aRao, V.L.
245 _aEconomic management
_bIdelogy versis pragmatism
260 _c1989
300 _a13-14
362 _a25 Feb.
650 _aIndia - Economic Policy
773 _aMainstream
909 _a10818
999 _c10818
_d10818